000 00487nam a22001817a 4500
005 20180814153313.0
010 _aB-217640
020 _a8188583723
_c925.00
035 _aB-217640
037 _bReference Press
082 _a954.31
245 _aThe Beautiful India:
_bTamil Nadu
_cS.A. Rahman
260 _aNew Delhi
_bReference Press
300 _a418p.
_c22cm (hbk)
700 _aS.A. Rahman
942 _2ddc
_cEN
_h954.31
_mTAM
999 _c155913
_d155913